Student Solutions Manual Physics [Vol.1,2] (Record no. 578)

000 -LEADER
fixed length control field 00325 a2200121 4500
020 ## - INTERNATIONAL STANDARD BOOK NUMBER
International Standard Book Number 9814126438
082 ## - DEWEY DECIMAL CLASSIFICATION NUMBER
Classification number 530 HAL
100 ## - MAIN ENTRY--PERSONAL NAME
Personal name Halliday,David
245 ## - TITLE STATEMENT
Title Student Solutions Manual Physics [Vol.1,2]
Statement of responsibility, etc. David Halliday
250 ## - EDITION STATEMENT
Edition statement 5th. ed.
260 ## - PUBLICATION, DISTRIBUTION, ETC.
Place of publication, distribution, etc. India :
Name of publisher, distributor, etc. John wiley and sons,
Date of publication, distribution, etc. 2006.
300 ## - PHYSICAL DESCRIPTION
Extent 393p. :
Other physical details ill. ;
Dimensions 23 cm.
650 ## - SUBJECT ADDED ENTRY--TOPICAL TERM
Topical term or geographic name entry element physics
Holdings
Withdrawn status Lost status Source of classification or shelving scheme Damaged status Not for loan Permanent Location Current Location Date acquired Full call number Barcode Date last seen Price effective from Koha item type
  Write Off       School of Civil and Environmental Engineering (SCEE) School of Civil and Environmental Engineering (SCEE)   530 HAL NIT-6162 01/05/2017 01/05/2017 Book
© 2023 Central Library, National University of Sciences and Technology. All Rights Reserved.